[Event "Quebec Montcalm op 7 2018-19"]
[Site "Quebec"]
[Date "2019.05.02"]
[Round "2"]
[White "Auger, Bertrand"]
[Black "Plante, Rejean"]
[Result "0-1"]
[WhiteElo "1925"]
[BlackElo "2041"]
[PlyCount "116"]
[EventDate "2019.04.25"]
[EventType "swiss"]
[EventRounds "5"]
[EventCountry "CAN"]
[SourceTitle "EXT 2022"]
[Source "ChessBase"]
[SourceDate "2021.10.06"]
[SourceVersion "1"]
[SourceVersionDate "2021.10.06"]
[SourceQuality "1"]

1. Nf3 c5 2. g3 Nf6 3. Bg2 d5 4. 0-0 g6 5. b3 Bg7 6. d4 0-0 7. Bb2 b6 8. Nbd2 Bb7 9. Ne5 cxd4 10. Ndf3 Nbd7 11. Bxd4 Rc8 12. Bh3 e6 13. b4 Nxe5 14. Nxe5 Ne4 15. f3 Nc3 16. Qd2 Qc7 17. f4 Ne4 18. Qe3 Qxc2 19. Rad1 Ba6 20. Rfe1 Bb5 21. Ng4 h5 22. Bxg7 Kxg7 23. Qd4+ Kh7 24. Ne3 Qc3 25. Bg2 Qxd4 26. Rxd4 Nf6 27. h3 Rc3 28. Kf2 Rfc8 29. g4 Ra3 30. g5 Ne8 31. Bf3 Rcc3 32. Ng2 Rxa2 33. f5 gxf5 34. Bxh5 Nd6 35. Bf3 Ne4+ 36. Bxe4 fxe4 37. h4 Rcc2 38. Nf4 Bc4 39. g6+ fxg6 40. Nxe6 Rxe2+ 41. Rxe2 Rxe2+ 42. Kg3 a5 43. bxa5 bxa5 44. Rd1 a4 45. Rb1 Bb3 46. Rc1 Bc4 47. Rb1 Re3+ 48. Kf4 Rb3 49. Rg1 Rf3+ 50. Ke5 a3 51. Ng5+ Kh6 52. Nxf3 exf3 53. h5 Kxh5 54. Kf4 g5+ 55. Kxf3 a2 56. Ke3 Kg6 57. Kd4 Kf5 58. Kc3 g4 0-1

[Event "Quebec Montcalm op 5 2018-19"]
[Site "Quebec"]
[Date "2019.02.21"]
[Round "2"]
[White "Lescarbeau, Martin"]
[Black "Plante, Rejean"]
[Result "1/2-1/2"]
[WhiteElo "1722"]
[BlackElo "2034"]
[PlyCount "59"]
[EventDate "2019.02.14"]
[EventType "swiss"]
[EventRounds "5"]
[EventCountry "CAN"]
[SourceTitle "EXT 2022"]
[Source "ChessBase"]
[SourceDate "2021.10.06"]
[SourceVersion "1"]
[SourceVersionDate "2021.10.06"]
[SourceQuality "1"]

1. e4 c5 2. c3 d5 3. exd5 Qxd5 4. d4 Nf6 5. Nf3 Bg4 6. Be2 e6 7. Na3 Nc6 8. 0-0 cxd4 9. Nb5 Rc8 10. Nbxd4 Be7 11. Nxc6 Qxc6 12. Ne5 Bxe2 13. Qxe2 Qb6 14. Bg5 h6 15. Bh4 Nd5 16. Bxe7 Kxe7 17. c4 Nf6 18. b4 Qxb4 19. Rfb1 Qc5 20. Rxb7+ Rc7 21. Rab1 Rhc8 22. R1b5 Rxb7 23. Rxb7+ Rc7 24. Qb2 Ne4 25. Rxc7+ Qxc7 26. Qb4+ Nc5 27. Nd3 Kd6 28. Qc3 Ke7 29. Qb4 Kd6 30. Qc3 1/2-1/2

[Event "Quebec Montcalm op 1 2018-19"]
[Site "Quebec"]
[Date "2018.09.20"]
[Round "3"]
[White "Sarra Bournet, Marc"]
[Black "Plante, Rejean"]
[Result "1-0"]
[WhiteElo "1874"]
[BlackElo "2088"]
[PlyCount "117"]
[EventDate "2018.09.06"]
[EventType "swiss"]
[EventRounds "5"]
[EventCountry "CAN"]
[SourceTitle "EXT 2022"]
[Source "ChessBase"]
[SourceDate "2021.10.06"]
[SourceVersion "1"]
[SourceVersionDate "2021.10.06"]
[SourceQuality "1"]

1. e4 c5 2. Nc3 a6 3. f4 b5 4. Nf3 Bb7 5. d3 e6 6. Bd2 Nc6 7. g3 b4 8. Na4 Qa5 9. b3 g6 10. a3 Bg7 11. axb4 cxb4 12. Bg2 Nge7 13. e5 Nd4 14. 0-0 Nxf3+ 15. Bxf3 Bxf3 16. Qxf3 Nd5 17. d4 Qb5 18. Nc5 0-0 19. c4 bxc3 20. Bxc3 Rfc8 21. Ra5 Qb6 22. Rfa1 Bf8 23. b4 Nxb4 24. Nxd7 Qc6 25. Qxc6 Nxc6 26. Rxa6 Rxa6 27. Rxa6 Bb4 28. Rxc6 Rxc6 29. Bxb4 Rc2 30. Nf6+ Kg7 31. d5 exd5 32. Nxd5 h5 33. Be7 Rd2 34. Bf6+ Kf8 35. Ne3 Re2 36. Nc4 Ke8 37. Nd6+ Kf8 38. h3 Rd2 39. Ne4 Ra2 40. Nf2 Ke8 41. g4 hxg4 42. hxg4 Ra4 43. Bg5 Kd7 44. Kg2 Ke6 45. Kf3 Ra3+ 46. Ke4 Ra4+ 47. Ke3 Kd5 48. Nd3 Re4+ 49. Kf3 Rd4 50. Nf2 Rb4 51. Bf6 Rb3+ 52. Kg2 Ke6 53. Ne4 Kd5 54. Nd6 Rb2+ 55. Kg3 Rb3+ 56. Kh4 Ke6 57. f5+ gxf5 58. gxf5+ Kd5 59. Nxf7 1-0

[Event "Quebec Montcalm op 1 2016-17"]
[Site "Quebec"]
[Date "2016.09.08"]
[Round "1"]
[White "Plante, Rejean"]
[Black "Sarra Bournet, Marc"]
[Result "1-0"]
[WhiteElo "2096"]
[BlackElo "1797"]
[PlyCount "73"]
[EventDate "2016.09.08"]
[EventType "swiss"]
[EventRounds "5"]
[EventCountry "CAN"]
[SourceTitle "EXT 2022"]
[Source "ChessBase"]
[SourceDate "2021.10.06"]
[SourceVersion "1"]
[SourceVersionDate "2021.10.06"]
[SourceQuality "1"]

1. Nf3 d5 2. g3 Nf6 3. Bg2 e6 4. c4 c6 5. 0-0 Be7 6. b3 0-0 7. Bb2 Na6 8. d3 b6 9. Nbd2 Bb7 10. cxd5 cxd5 11. a3 Rc8 12. b4 Nb8 13. Nb3 Nbd7 14. Qd2 Bd6 15. Nh4 Ng4 16. f4 Be7 17. Nf3 Bf6 18. Nbd4 a6 19. h3 Nh6 20. g4 Kh8 21. Rae1 e5 22. fxe5 Nxe5 23. Nxe5 Bxe5 24. g5 Ng8 25. Rf5 Qd6 26. Ref1 f6 27. gxf6 Rxf6 28. Qe3 Rxf5 29. Nxf5 Bh2+ 30. Kh1 d4 31. Bxd4 Bxg2+ 32. Kxg2 Qg6+ 33. Kxh2 Nf6 34. Nxg7 Rf8 35. Ne6 Rf7 36. Bxf6+ Kg8 37. Qe5 1-0

[Event "Quebec Montcalm op 4 2015-16"]
[Site "Quebec"]
[Date "2016.01.28"]
[Round "3"]
[White "Plante, Rejean"]
[Black "Fecteau, Martin"]
[Result "1-0"]
[WhiteElo "2084"]
[BlackElo "2006"]
[PlyCount "135"]
[EventDate "2016.01.14"]
[EventType "swiss"]
[EventRounds "5"]
[EventCountry "CAN"]
[SourceTitle "EXT 2022"]
[Source "ChessBase"]
[SourceDate "2021.10.06"]
[SourceVersion "1"]
[SourceVersionDate "2021.10.06"]
[SourceQuality "1"]

1. Nf3 Nf6 2. c4 c5 3. d4 cxd4 4. Nxd4 Nc6 5. Nc3 d6 6. e4 g6 7. Be2 Bg7 8. Be3 Bd7 9. Nc2 Rc8 10. f3 Qa5 11. Qd2 Ne5 12. Na3 a6 13. 0-0 Be6 14. Nd5 Qxd2 15. Bxd2 Bxd5 16. cxd5 0-0 17. Rac1 Ned7 18. Nc4 b6 19. Be3 Rb8 20. Rc2 a5 21. Na3 Nc5 22. Nb5 Rb7 23. Nd4 Nfd7 24. Bb5 Rc7 25. Rfc1 Ne5 26. b3 Ra7 27. Rd1 h5 28. h3 Rc7 29. Kf1 Rd8 30. a3 Rb7 31. b4 axb4 32. axb4 Ned7 33. Nc6 Re8 34. bxc5 bxc5 35. Bc4 Ne5 36. Nxe5 Bxe5 37. f4 Bg7 38. Ke2 Ra8 39. g4 hxg4 40. hxg4 Ra4 41. Bd2 Ra3 42. Be3 Rb4 43. e5 Raa4 44. Rdc1 Rb8 45. Kd3 dxe5 46. Bxc5 Rb7 47. f5 gxf5 48. gxf5 Kf8 49. Rg2 Bf6 50. Rcg1 Ke8 51. Rg8+ Kd7 52. Re1 Ra5 53. Be3 Rb4 54. Rc1 Ra3+ 55. Ke2 Raa4 56. Rg4 Rb2+ 57. Bd2 Ra8 58. Kd3 Ra3+ 59. Bc3 Rf2 60. Bb5+ Kd6 61. Kc4 Raa2 62. Bb4+ Kc7 63. Kb3+ Kb7 64. Bc6+ Kc7 65. Kc4 Rxf5 66. Kb5 Rf4 67. Rxf4 exf4 68. d6+ 1-0

[Event "Quebec Montcalm op 4 2015-16"]
[Site "Quebec"]
[Date "2016.01.14"]
[Round "1"]
[White "Gaulin, Gaetan"]
[Black "Plante, Rejean"]
[Result "1/2-1/2"]
[WhiteElo "2020"]
[BlackElo "2084"]
[PlyCount "110"]
[EventDate "2016.01.14"]
[EventType "swiss"]
[EventRounds "5"]
[EventCountry "CAN"]
[SourceTitle "EXT 2022"]
[Source "ChessBase"]
[SourceDate "2021.10.06"]
[SourceVersion "1"]
[SourceVersionDate "2021.10.06"]
[SourceQuality "1"]

1. c4 g6 2. Nc3 Bg7 3. g3 d6 4. Bg2 c5 5. Nf3 Nc6 6. 0-0 e6 7. e3 Nge7 8. d4 0-0 9. dxc5 dxc5 10. Qe2 b6 11. Rd1 Qc7 12. Bd2 a6 13. Be1 Bb7 14. Rac1 Rfd8 15. b3 h6 16. a3 Rac8 17. Qc2 Na7 18. Rxd8+ Rxd8 19. Rd1 f5 20. Rxd8+ Qxd8 21. Nd2 Nac6 22. h4 Qc7 23. Ndb1 Ne5 24. Qe2 Bc6 25. f4 Ng4 26. Bd2 Qd7 27. Nd1 e5 28. Nf2 Bxg2 29. Kxg2 Qc6+ 30. Qf3 Qxf3+ 31. Kxf3 h5 32. Nxg4 hxg4+ 33. Ke2 Nc6 34. Nc3 exf4 35. gxf4 Na5 36. Nd5 Nxb3 37. Nxb6 Kf7 38. Be1 Bb2 39. a4 Bf6 40. Nd5 Bd8 41. Bf2 Ke6 42. Kd3 Ba5 43. Nc3 Bc7 44. Kc2 Na5 45. Kd3 Nc6 46. Nd5 Ba5 47. Kc2 Ne7 48. Nxe7 Kxe7 49. Kd3 Bc7 50. Bg3 Kf6 51. e4 Ke6 52. e5 Bd8 53. Be1 Be7 54. Bf2 Kd7 55. Kc2 Kc6 1/2-1/2

[Event "Montcalm III 2015-16"]
[Site "Quebec"]
[Date "2015.12.17"]
[Round "5"]
[White "Fecteau, Martin"]
[Black "Plante, Rejean"]
[Result "1/2-1/2"]
[WhiteElo "1995"]
[BlackElo "2074"]
[PlyCount "36"]
[EventDate "2015.11.19"]
[EventType "swiss"]
[EventRounds "5"]
[EventCountry "CAN"]
[SourceTitle "EXT 2019"]
[Source "ChessBase"]
[SourceDate "2018.10.10"]
[SourceVersion "1"]
[SourceVersionDate "2018.10.10"]
[SourceQuality "1"]

1. Nf3 d5 2. d4 Nf6 3. g3 g6 4. Bg2 Bg7 5. 0-0 0-0 6. c4 c6 7. Nc3 Bf5 8. Qb3 b6 9. cxd5 cxd5 10. Ne5 Be6 11. Qa3 Bc8 12. Bf4 Bb7 13. Rac1 Nh5 14. Bd2 e6 15. Nb5 Nd7 16. Bb4 Nxe5 17. dxe5 Bxe5 18. Bxf8 Bxb2 1/2-1/2

[Event "Montcalm-ch"]
[Site "Quebec"]
[Date "2015.05.14"]
[Round "3"]
[White "Plante, Rejean"]
[Black "Dube, Daniel"]
[Result "1-0"]
[WhiteElo "2006"]
[BlackElo "1916"]
[PlyCount "223"]
[EventDate "2015.04.30"]
[EventType "tourn"]
[EventRounds "5"]
[EventCountry "CAN"]
[SourceTitle "EXT 2019"]
[Source "ChessBase"]
[SourceDate "2018.10.10"]
[SourceVersion "1"]
[SourceVersionDate "2018.10.10"]
[SourceQuality "1"]

1. d4 d6 2. c4 e5 3. Nc3 exd4 4. Qxd4 Nc6 5. Qd1 Nf6 6. e4 Be7 7. Be2 0-0 8. Nf3 Re8 9. 0-0 h6 10. Ne1 Bf8 11. f3 Bd7 12. Nc2 Ne5 13. Be3 Ng6 14. Qd2 c6 15. Rad1 Qe7 16. Rfe1 b6 17. b4 c5 18. b5 Be6 19. Bf2 Ne5 20. Ne3 Qb7 21. h3 g5 22. h4 g4 23. f4 g3 24. Bxg3 Neg4 25. Nxg4 Bxg4 26. Nd5 Nxe4 27. Qd3 Bxe2 28. Rxe2 f5 29. Be1 Bg7 30. g4 Bd4+ 31. Kh2 Qf7 32. Qf3 Rac8 33. gxf5 Qxf5 34. Rxd4 cxd4 35. Rxe4 Kh8 36. Rxe8+ Rxe8 37. Bf2 Qc2 38. Qg2 Re2 39. Bxd4+ Kh7 40. Nf6+ Kh8 41. Ne4+ Kh7 42. Nf2 Qg6 43. Qb7+ Kg8 44. Qxa7 Qf7 45. Qxf7+ Kxf7 46. Bxb6 Rxa2 47. Kg3 Ke6 48. Kg4 Rc2 49. f5+ Kf7 50. Be3 Rxc4+ 51. Kf3 Rb4 52. b6 d5 53. Nd3 Rb3 54. Ke2 Kf6 55. Nf4 Kxf5 56. Nxd5 Ke4 57. Nf6+ Kf5 58. Nd5 Ke4 59. Nf6+ Kf5 60. Nd7 Rb2+ 61. Kd3 Rb3+ 62. Kd2 Kg4 63. Bxh6 Kxh4 64. Kc2 Rb5 65. Be3 Kg3 66. Kc3 Kf3 67. Bc5 Rxb6 68. Bxb6 Ke4 69. Bd4 Kd5 70. Nc5 Kd6 71. Kc4 Kc6 72. Ne4 Kc7 73. Kc5 Kb7 74. Kd6 Ka8 75. Kc6 Kb8 76. Nd6 Ka8 77. Nb5 Kb8 78. Nc7 Kc8 79. Ba7 Kd8 80. Bc5 Kc8 81. Na6 Kd8 82. Nb4 Kc8 83. Bd6 Kd8 84. Nd3 Kc8 85. Ne5 Kd8 86. Bc5 Kc8 87. Ba7 Kd8 88. Bb8 Kc8 89. Bd6 Kd8 90. Ng4 Kc8 91. Nh6 Kd8 92. Nf5 Ke8 93. Be5 Kf7 94. Kd5 Ke8 95. Kd6 Kd8 96. Ne7 Ke8 97. Ke6 Kd8 98. Bb8 Ke8 99. Bc7 Kf8 100. Nf5 Ke8 101. Bb6 Kf8 102. Bd8 Ke8 103. Bf6 Kf8 104. Be7+ Kg8 105. Kf6 Kh7 106. Bd6 Kg8 107. Kg6 Kh8 108. Be5+ Kg8 109. Bd6 Kh8 110. Bf8 Kg8 111. Bh6 Kh8 112. Bg7+ 1-0

[Event "Montcalm-ch"]
[Site "Quebec"]
[Date "2015.05.07"]
[Round "2"]
[White "Cournoyer, Dominic"]
[Black "Plante, Rejean"]
[Result "0-1"]
[WhiteElo "2100"]
[BlackElo "2006"]
[PlyCount "144"]
[EventDate "2015.04.30"]
[EventType "tourn"]
[EventRounds "5"]
[EventCountry "CAN"]
[SourceTitle "EXT 2019"]
[Source "ChessBase"]
[SourceDate "2018.10.10"]
[SourceVersion "1"]
[SourceVersionDate "2018.10.10"]
[SourceQuality "1"]

1. c4 c5 2. Nf3 g6 3. g3 Bg7 4. Bg2 Nc6 5. 0-0 e6 6. Nc3 Nge7 7. Ne4 d6 8. d3 0-0 9. Rb1 Rb8 10. a3 b5 11. Qc2 f5 12. Ned2 b4 13. a4 e5 14. b3 Bd7 15. Bb2 a5 16. e3 h6 17. Ne1 g5 18. f4 Rf7 19. Qd1 exf4 20. Bxg7 Rxg7 21. exf4 g4 22. Nc2 Qf8 23. Re1 Qf6 24. Nf1 Re8 25. Nfe3 Kh7 26. Qd2 Nd4 27. Nxd4 Qxd4 28. Kh1 Kg6 29. Re2 h5 30. Rbe1 Rgg8 31. Nc2 Qf6 32. d4 cxd4 33. Nxd4 Nc8 34. Bd5 Rxe2 35. Rxe2 Re8 36. Rxe8 Bxe8 37. Be6 Ne7 38. Qd3 Bf7 39. Bd7 h4 40. gxh4 Kh5 41. Bxf5 Qxh4 42. Qe3 Qf6 43. Bd7 Ng6 44. f5 Ne5 45. Bc8 Be8 46. Bb7 Bd7 47. Ne2 Bxf5 48. Ng3+ Kg6 49. Kg2 Qg5 50. Qd4 Qf6 51. Ne2 Bc2 52. Nf4+ Kg5 53. Qd2 Qxf4 54. Qxc2 Nf3 55. Kh1 Nd4 56. Qd3 Nxb3 57. Qd5+ Kh4 58. Qd1 Qf2 59. Qb1 Qf7 60. Qe1+ Kg5 61. Qe3+ Kf5 62. Bg2 Nc5 63. Qd4 Qe6 64. Qh8 Kg5 65. Qg7+ Qg6 66. Qe7+ Kf4 67. Qf8+ Ke5 68. Qh8+ Qf6 69. Qh5+ Kf4 70. Bd5 Ke3 71. Qe8+ Qe5 72. Qf8 Qf4 0-1

[Event "Montcalm-ch"]
[Site "Quebec"]
[Date "2015.04.30"]
[Round "1"]
[White "Plante, Rejean"]
[Black "Cummins, Paul"]
[Result "0-1"]
[WhiteElo "2006"]
[BlackElo "1742"]
[PlyCount "95"]
[EventDate "2015.04.30"]
[EventType "tourn"]
[EventRounds "5"]
[EventCountry "CAN"]
[SourceTitle "EXT 2019"]
[Source "ChessBase"]
[SourceDate "2018.10.10"]
[SourceVersion "1"]
[SourceVersionDate "2018.10.10"]
[SourceQuality "1"]

1. Nf3 f5 2. g3 Nf6 3. Bg2 e6 4. c4 Be7 5. d4 0-0 6. 0-0 c6 7. b3 Na6 8. Bb2 Nc7 9. Nc3 Qe8 10. e3 Qh5 11. Ne5 Qh6 12. Qe2 d6 13. Nd3 Bd7 14. Rad1 Be8 15. f3 Bh5 16. Nf4 Bf7 17. Ba3 g5 18. Nd3 Bh5 19. Nf2 Qg7 20. e4 f4 21. g4 Be8 22. e5 dxe5 23. Bxe7 Qxe7 24. dxe5 Nd7 25. Rfe1 Bg6 26. Qd2 Rad8 27. Qd6 Qxd6 28. exd6 Na6 29. Rxe6 Rf6 30. Rxf6 Nxf6 31. Nfe4 Nxe4 32. fxe4 Kf7 33. e5 Nc5 34. Re1 Ke6 35. Be4 Nxe4 36. Nxe4 Bxe4 37. Rxe4 c5 38. Kf2 h5 39. Kf3 Rh8 40. Re2 h4 41. Ke4 Rd8 42. a3 Rd7 43. b4 b6 44. bxc5 bxc5 45. Rd2 Rf7 46. Rd5 f3 47. Rd1 f2 48. Ke3 0-1

[Event "Charlesbourg Khalif"]
[Site "Charlesbourg"]
[Date "2015.04.20"]
[Round "4"]
[White "Tremblay, Rejean"]
[Black "Plante, Rejean"]
[Result "1-0"]
[WhiteElo "2192"]
[BlackElo "2030"]
[PlyCount "42"]
[EventDate "2015.03.30"]
[EventType "swiss"]
[EventRounds "5"]
[EventCountry "CAN"]
[SourceTitle "EXT 2022"]
[Source "ChessBase"]
[SourceDate "2021.10.06"]
[SourceVersion "1"]
[SourceVersionDate "2021.10.06"]
[SourceQuality "1"]

1. d4 d5 2. Nf3 Nf6 3. c4 c6 4. Nc3 g6 5. cxd5 cxd5 6. Bg5 Bg7 7. e3 0-0 8. Bd3 Nc6 9. h3 b6 10. 0-0 Bb7 11. Rc1 Rc8 12. Bh4 e6 13. Ne5 a6 14. Na4 Ne7 15. Qb3 Rxc1 16. Rxc1 Nc8 17. Ng4 h5 18. Nxf6+ Bxf6 19. Bxf6 Qxf6 20. Rc7 Ba8 21. Nxb6 Nd6 1-0

[Event "Montcalm VI 2014-15"]
[Site "Quebec"]
[Date "2015.04.16"]
[Round "4"]
[White "Plante, Rejean"]
[Black "Cournoyer, Dominic"]
[Result "1/2-1/2"]
[WhiteElo "2013"]
[BlackElo "2044"]
[PlyCount "108"]
[EventDate "2015.03.26"]
[EventType "swiss"]
[EventRounds "5"]
[EventCountry "CAN"]
[SourceTitle "EXT 2019"]
[Source "ChessBase"]
[SourceDate "2018.10.10"]
[SourceVersion "1"]
[SourceVersionDate "2018.10.10"]
[SourceQuality "1"]

1. Nf3 d5 2. c4 c6 3. e3 Nf6 4. b3 g6 5. Bb2 Bg7 6. Be2 0-0 7. 0-0 Nbd7 8. Qc2 dxc4 9. bxc4 Nc5 10. d4 Bf5 11. Qd1 Nce4 12. Ne5 Nd7 13. Nd3 Nb6 14. Qb3 Qc7 15. f3 Nf6 16. e4 Be6 17. d5 cxd5 18. cxd5 Bd7 19. Rc1 Qd8 20. a4 Qe8 21. Nc5 Rc8 22. a5 Na8 23. e5 Nh5 24. Na3 Nf4 25. Bf1 b6 26. Nxd7 Qxd7 27. Rd1 Rfd8 28. d6 exd6 29. Rxd6 Qf5 30. Nc4 Qg5 31. g3 Ne6 32. Rad1 bxa5 33. Rxd8+ Rxd8 34. Rxd8+ Qxd8 35. f4 Bf8 36. h4 Bc5+ 37. Kh2 Nb6 38. Bg2 a4 39. Qb5 Nxc4 40. Qxc4 a3 41. Ba1 Qb6 42. h5 Qb1 43. Qc3 Bd4 44. Qc8+ Kg7 45. Bxd4 Nxd4 46. h6+ Kxh6 47. Qf8+ Kh5 48. Qxf7 Kh6 49. g4 Qb4 50. g5+ Kh5 51. Qxh7+ Kg4 52. Qh3+ Kxf4 53. Qg3+ Kf5 54. Bh3+ Ke4 1/2-1/2

[Event "Charlesbourg Khalif"]
[Site "Charlesbourg"]
[Date "2015.04.13"]
[Round "3"]
[White "Leblanc Legault, Mathieu"]
[Black "Plante, Rejean"]
[Result "0-1"]
[WhiteElo "1596"]
[BlackElo "2013"]
[PlyCount "44"]
[EventDate "2015.03.30"]
[EventType "swiss"]
[EventRounds "5"]
[EventCountry "CAN"]
[SourceTitle "EXT 2022"]
[Source "ChessBase"]
[SourceDate "2021.10.06"]
[SourceVersion "1"]
[SourceVersionDate "2021.10.06"]
[SourceQuality "1"]

1. d4 f5 2. f3 Nf6 3. c4 e6 4. Nc3 d5 5. Bf4 c6 6. e3 Bd6 7. Bxd6 Qxd6 8. cxd5 exd5 9. Nh3 0-0 10. Bd3 Re8 11. Kf2 g6 12. Rc1 Nbd7 13. a3 Nf8 14. Qc2 Ne6 15. b4 f4 16. e4 dxe4 17. Nxe4 Qxd4+ 18. Kf1 Nd5 19. Re1 Ne3+ 20. Rxe3 fxe3 21. Neg5 Re7 22. Nxh7 Qa1+ 0-1

[Event "Montcalm VI 2014-15"]
[Site "Quebec"]
[Date "2015.04.09"]
[Round "3"]
[White "Lessard, Claude"]
[Black "Plante, Rejean"]
[Result "1/2-1/2"]
[WhiteElo "2085"]
[BlackElo "2013"]
[PlyCount "133"]
[EventDate "2015.03.26"]
[EventType "swiss"]
[EventRounds "5"]
[EventCountry "CAN"]
[SourceTitle "EXT 2019"]
[Source "ChessBase"]
[SourceDate "2018.10.10"]
[SourceVersion "1"]
[SourceVersionDate "2018.10.10"]
[SourceQuality "1"]

1. d4 d5 2. c4 e6 3. Nf3 Nf6 4. Nc3 Be7 5. e3 0-0 6. Be2 dxc4 7. Bxc4 a6 8. a4 c5 9. 0-0 Nc6 10. a5 Nxa5 11. Bd3 Nc6 12. dxc5 Nb4 13. Be2 Qxd1 14. Rxd1 Bxc5 15. Na4 Ba7 16. Bd2 Nc6 17. Rac1 Bd7 18. Be1 Rfd8 19. Nc5 Bxc5 20. Rxc5 Be8 21. Rdc1 Rac8 22. Ne5 Ne7 23. Bf3 Rxc5 24. Rxc5 Nfd5 25. e4 Nf6 26. Rc7 Nc6 27. Nc4 b5 28. Ne3 h6 29. Bc3 b4 30. Be1 a5 31. Nc4 Rd4 32. b3 e5 33. Kf1 a4 34. Nd2 a3 35. Rc8 Kf8 36. Ra8 Ke7 37. Be2 Nxe4 38. Nxe4 Rxe4 39. f3 Rd4 40. Bf2 Rd8 41. Bc5+ Kd7 42. Ra6 Rb8 43. Bf8 g6 44. Bxh6 Rb7 45. Bc4 Ra7 46. Rxa7+ Nxa7 47. Bc1 Kd6 48. Ke1 Nc6 49. Bb5 Kc5 50. Bxc6 Bxc6 51. Kd2 Kd4 52. Kc2 Bd5 53. Bg5 e4 54. Be7 a2 55. Kb2 a1Q+ 56. Kxa1 Kc3 57. fxe4 Bxb3 58. Bf6+ Kc4 59. Kb2 Ba4 60. g4 Bc6 61. e5 Bd5 62. h4 Bf3 63. g5 Bg4 64. Be7 Be6 65. Bd8 Kd4 66. Be7 b3 67. Bf6 1/2-1/2

[Event "Montcalm VI 2014-15"]
[Site "Quebec"]
[Date "2015.04.02"]
[Round "2"]
[White "Plante, Rejean"]
[Black "Auger, Bertrand"]
[Result "1-0"]
[WhiteElo "2013"]
[BlackElo "2055"]
[PlyCount "111"]
[EventDate "2015.03.26"]
[EventType "swiss"]
[EventRounds "5"]
[EventCountry "CAN"]
[SourceTitle "EXT 2019"]
[Source "ChessBase"]
[SourceDate "2018.10.10"]
[SourceVersion "1"]
[SourceVersionDate "2018.10.10"]
[SourceQuality "1"]

1. Nf3 Nf6 2. c4 c5 3. Nc3 Nc6 4. d4 cxd4 5. Nxd4 Nxd4 6. Qxd4 g6 7. e4 d6 8. Be3 Bg7 9. f3 0-0 10. Qd2 Re8 11. Be2 Be6 12. 0-0 Qa5 13. Rac1 Rac8 14. b3 a6 15. Rfd1 Nd7 16. Nd5 Qxd2 17. Rxd2 Bxd5 18. exd5 e5 19. dxe6 Rxe6 20. Bf4 Rce8 21. Bf1 Bf8 22. Rcd1 Ne5 23. Rd5 h6 24. Bc1 Nd7 25. Ba3 Nc5 26. Kf2 b6 27. Bb2 a5 28. Bd4 h5 29. Rb1 Bg7 30. Rd1 Bf8 31. Rd2 Bh6 32. Rc2 Bf4 33. g3 Be5 34. Bb2 f5 35. Bc1 Nd7 36. Be3 Nc5 37. Be2 Bg7 38. Bf4 Be5 39. Bg5 Bg7 40. Rcd2 Bc3 41. Rc2 Bg7 42. Bd1 Nd7 43. Bf4 Ne5 44. Rcd2 Bf8 45. Rb5 Nd7 46. Be2 Be7 47. c5 d5 48. cxb6 Bc5+ 49. Kf1 Bxb6 50. Rbxd5 Nf6 51. Rd6 Kg7 52. Rxe6 Rxe6 53. Bc4 Re7 54. Bg5 Rc7 55. Rd6 Bd4 56. Rxd4 1-0

[Event "Montcalm VI 2014-15"]
[Site "Quebec"]
[Date "2015.03.26"]
[Round "1"]
[White "Plante, Rejean"]
[Black "Dube, Daniel"]
[Result "1-0"]
[WhiteElo "2013"]
[BlackElo "1941"]
[PlyCount "131"]
[EventDate "2015.03.26"]
[EventType "swiss"]
[EventRounds "5"]
[EventCountry "CAN"]
[SourceTitle "EXT 2019"]
[Source "ChessBase"]
[SourceDate "2018.10.10"]
[SourceVersion "1"]
[SourceVersionDate "2018.10.10"]
[SourceQuality "1"]

1. c4 b6 2. Nc3 e6 3. Nf3 Bb7 4. g3 f5 5. Bg2 Nf6 6. 0-0 Be7 7. d3 0-0 8. Bd2 a6 9. a3 Qe8 10. e3 Qh5 11. Nh4 Bxg2 12. Qxh5 Nxh5 13. Nxg2 Nc6 14. b4 Ne5 15. Ne1 Nf6 16. f4 Nf7 17. Nf3 d5 18. Nd4 Nd8 19. cxd5 Nxd5 20. Rfc1 c5 21. bxc5 Nxc3 22. Rxc3 bxc5 23. Nf3 Nf7 24. Rb1 Rfb8 25. Rcb3 Rxb3 26. Rxb3 g5 27. Rb7 Kf8 28. fxg5 Bxg5 29. Nxg5 Nxg5 30. Kf2 Rc8 31. h4 Nf7 32. Ra7 Rc6 33. Bc3 e5 34. Ke2 Kg7 35. a4 Kg6 36. h5+ Kf6 37. a5 h6 38. Rb7 Nd6 39. Rd7 Nb5 40. Bb2 c4 41. dxc4 Rxc4 42. Kd3 Rb4 43. Kc2 Rg4 44. Rd5 Re4 45. Kd3 Ke6 46. Rd8 Nd6 47. Rh8 Rg4 48. Rxh6+ Kd5 49. Ba3 Nb5 50. Bc1 Rxg3 51. Ke2 Rg1 52. Bd2 Rg2+ 53. Kd1 Nd6 54. Bc1 Rg1+ 55. Kc2 Rg2+ 56. Kd1 Nb5 57. Rxa6 Nc3+ 58. Ke1 Ke4 59. Rc6 Rc2 60. Bd2 Ra2 61. Rxc3 Kf3 62. Rc5 Ra1+ 63. Bc1 Ke4 64. h6 Ra2 65. Bd2 Kf3 66. h7 1-0

[Event "Quebec Montcalm op 3 2014-15"]
[Site "Quebec"]
[Date "2014.11.13"]
[Round "1"]
[White "Plante, Rejean"]
[Black "Oliver, Vance"]
[Result "1-0"]
[WhiteElo "2074"]
[BlackElo "1694"]
[PlyCount "105"]
[EventDate "2014.11.13"]
[EventType "swiss"]
[EventRounds "5"]
[EventCountry "CAN"]
[SourceTitle "EXT 2022"]
[Source "ChessBase"]
[SourceDate "2021.10.06"]
[SourceVersion "1"]
[SourceVersionDate "2021.10.06"]
[SourceQuality "1"]

1. Nf3 Nf6 2. c4 g6 3. Nc3 Bg7 4. d4 d6 5. g3 0-0 6. Bg2 Nbd7 7. 0-0 e5 8. h3 Rb8 9. Be3 Re8 10. dxe5 dxe5 11. Bxa7 Ra8 12. Be3 Qe7 13. Qd2 Ra6 14. Rfd1 Nf8 15. Rac1 Rd6 16. Qe1 Rxd1 17. Rxd1 c6 18. Qd2 Ne6 19. Nxe5 Nc5 20. Nd3 Nce4 21. Nxe4 Nxe4 22. Qc1 Nxg3 23. fxg3 Qxe3+ 24. Qxe3 Rxe3 25. Nf4 Be6 26. Rd8+ Bf8 27. Kf2 Re5 28. b3 Kg7 29. e4 Bc5+ 30. Ke2 h5 31. Rb8 b6 32. Rb7 Bg1 33. Rc7 Bf5 34. Kf1 Bh2 35. Rxc6 Bxg3 36. Nd3 Rxe4 37. Rxb6 Re7 38. Nf2 Re3 39. Bd5 Rc3 40. Rb7 Rc1+ 41. Kg2 Rc2 42. Kxg3 h4+ 43. Kf3 Rc3+ 44. Kg2 Rg3+ 45. Kh2 Re3 46. Rxf7+ Kh6 47. Ng4+ Bxg4 48. hxg4 Re2+ 49. Kh3 Re1 50. Kxh4 g5+ 51. Kh3 Re3+ 52. Bf3 Kg6 53. Rf5 1-0